Lokanagarikatayute charitram/ (Record no. 26077)

000 -LEADER
fixed length control field 00454nam a22001691a 4500
082 ## - DEWEY DECIMAL CLASSIFICATION NUMBER
Classification number M 909
Item number JAM/L
100 ## - MAIN ENTRY--AUTHOR NAME
Personal name James Edgar Swain
245 ## - TITLE STATEMENT
Title Lokanagarikatayute charitram/
Statement of responsibility, etc by James Edgar Swain
250 ## - EDITION STATEMENT
Edition statement 3rd
260 ## - PUBLICATION, DISTRIBUTION, ETC. (IMPRINT)
Place of publication Thiruvananthapuram:
Name of publisher Kerala Bhasha Institute,
Year of publication 1995.
300 ## - PHYSICAL DESCRIPTION
Number of Pages 1014p.
650 ## - SUBJECT ADDED ENTRY--TOPICAL TERM
Topical Term World Civilization
650 ## - SUBJECT ADDED ENTRY--TOPICAL TERM
Topical Term History World
650 ## - SUBJECT ADDED ENTRY--TOPICAL TERM
Topical Term History
700 ## - ADDED ENTRY--PERSONAL NAME
Personal name Sankarawarrior Chengannur (tr.)
942 ## - ADDED ENTRY ELEMENTS (KOHA)
Koha item type Book
Holdings
Withdrawn status Lost status Damaged status Not for loan Permanent Location Current Location Shelving location Date acquired Cost, normal purchase price Full call number Accession Number Cost, replacement price Price effective from Koha item type
Write off     1 Sree Sankaracharya University of Sanskrit Sree Sankaracharya University of Sanskrit Stacks 08.01.2015 105.00 M 909 JAM/L 014301 0.00 08.01.2015 Book
        Sree Sankaracharya University of Sanskrit Sree Sankaracharya University of Sanskrit Stacks 08.01.2015 105.00 M 909 JAM/L 024879 0.00 08.01.2015 Book
        Sree Sankaracharya University of Sanskrit Sree Sankaracharya University of Sanskrit   08.01.2015 105.00 M 909 JAM/L 054783 0.00 08.01.2015 Book
        Sree Sankaracharya University of Sanskrit Sree Sankaracharya University of Sanskrit   08.01.2015 105.00 M 909 JAM/L 014302 0.00 08.01.2015 Book